000 00464nam a2200169Ia 4500
005 20250508155550.0
008 008 250505s9999 xx 000 0 eng d
037 _aBooks to be hide in OPAC
040 _aFEDL
_beng
_cFEDL
041 _aeng
_2eng
084 _a379.5479, BAR
_qFEDL
245 0 _aReport on public intruction in the Baroda State
260 _c1934
300 _a151p.
942 _cHB
_h379.5479, BAR
999 _c1357808
_d1357808